000 01262nam a2200349 i 4500
001 12440
003 BD-RjUL
005 20211208235308.0
008 140128s19791978cau b 101 0 eng
020 _a0875893848
035 _a(BD-RjUL)12489
040 _aDLC
_cDLC
_dBD-RjUL
_beng
041 _aeng
082 0 0 _a301.2
_bSOC 1979
245 0 0 _aSociobiology and human nature :
_ban interdisciplinary critique and defense /
_cMichael S. Gregory, Anita Silvers, & Diane Sutch, editors.
250 _a1st ed.
260 _aSan Francisco :
_bJossey-Bass,
_cc1978 [Printing 1979].
300 _axix, 326 p. ;
_c24 cm.
490 0 _aJossey-Bass social and behavioral science series
500 _aResult of a conference, "Sociobiology: implications for human studies", held at San Francisco State University on June 14-15, 1977.
500 _aIncludes index.
504 _aBibliography: p. 295-316.
650 0 _aSociobiology
_xCongresses.
_938682
650 0 _aSocial behavior in animals
_xCongresses.
_938683
650 0 _aGenetic psychology
_xCongresses.
_938684
700 1 _aGregory, Michael S.
_938685
700 1 _aSilvers, Anita.
_938686
700 1 _aSutch, Diane.
_938687
942 _2ddc
_cBK
999 _c12440
_d12440